| 000 | 00515pab a2200169 454500 | ||
|---|---|---|---|
| 008 | 180718b2004 xxu||||| |||| 00| 0 eng d | ||
| 100 | _aAijaz, Rumi | ||
| 245 | _aParticipation in service delivery: review of urban governance practices in Meerut district | ||
| 260 | _c2004 | ||
| 300 | _ap.61-90. | ||
| 362 | _aJan-Jun | ||
| 650 | _aBasic urban services - India - Uttar Pradesh | ||
| 650 | _aUrban development - India - Uttar Pradesh | ||
| 650 | _aUrban development | ||
| 773 | _aUrban India | ||
| 909 | _a66102 | ||
| 999 |
_c66102 _d66102 |
||